Guess the 1960s song lyrics #194 - Statistics

General Stats
  • This quiz has been taken 15 times
  • The average score is 122 of 207
Answer Stats
Answer % Correct
of
100%
the
100%
a
92%
I
92%
And
85%
and
85%
me
85%
my
85%
on
85%
you
85%
are
77%
girl
77%
I'm
77%
Im
77%
love
77%
when
77%
be
69%
can
69%
no
69%
one
69%
we
69%
Duke
62%
Earl
62%
oh
62%
Oh
62%
So
62%
this
62%
As
54%
I'll
54%
Nothing
54%
nothing
54%
now
54%
stop
54%
You'll
54%
Cause
46%
gonna
46%
hold
46%
walk
46%
will
46%
Yes
46%
let
38%
through
38%
world
38%
yeah
38%
Yeah
38%
come
31%
hurt
31%
Duchess
23%
hoo
23%
Woo
23%
darlin
15%
dukedom
15%
Gene Chandler
15%
share
15%
whoa
15%
paradise
8%
No matching quizzes found
Score Distribution
Percent of People with Each Score
Percentile by Number Answered
Your Score History
You have not taken this quiz